ACA : (Record no. 19240)
[ view plain ]
| 000 -LEADER | |
|---|---|
| fixed length control field | 01024nam a2200265 i 4500 |
| 003 - CONTROL NUMBER IDENTIFIER | |
| control field | EG-ScBUE |
| 005 - DATE AND TIME OF LATEST TRANSACTION | |
| control field | 20230103113357.0 |
| 008 - FIXED-LENGTH DATA ELEMENTS--GENERAL INFORMATION | |
| fixed length control field | 150428n201u ko a f 000 0 mul d |
| 020 ## - INTERNATIONAL STANDARD BOOK NUMBER | |
| International Standard Book Number | 9788957704851 |
| 020 ## - INTERNATIONAL STANDARD BOOK NUMBER | |
| International Standard Book Number | 9788957704899 |
| 040 ## - CATALOGING SOURCE | |
| Original cataloging agency | EG-ScBUE |
| Language of cataloging | eng |
| Description conventions | rda |
| Transcribing agency | EG-ScBUE |
| Modifying agency | EG-ScBUE |
| 041 0# - LANGUAGE CODE | |
| Language code of text/sound track or separate title | eng |
| -- | kor |
| 082 04 - DEWEY DECIMAL CLASSIFICATION NUMBER | |
| Classification number | 729 |
| Item number | ACA |
| Edition number | 22 |
| 245 00 - TITLE STATEMENT | |
| Title | ACA : |
| Remainder of title | architecture competition annual. |
| 264 #1 - PUBLICATION, DISTRIBUTION, ETC. (IMPRINT) | |
| Place of publication, distribution, etc | Seoul, Korea : |
| Name of publisher, distributor, etc | Archiworld Co., Ltd. : |
| -- | Jeong Kwang-young, |
| Date of publication, distribution, etc | [201-?] |
| 300 ## - PHYSICAL DESCRIPTION | |
| Extent | 2 volumes : |
| Other physical details | color illustrations ; |
| Dimensions | 30 cm |
| 505 0# - FORMATTED CONTENTS NOTE | |
| Formatted contents note | Volume 1. Culture & exhibition facility -- Educational & research facility -- Residential facility & accommodations -- Volume 2. Public facility -- Office & commercial facility -- Medical welfare & physical facility. |
| 546 ## - LANGUAGE NOTE | |
| Language note | Text in English and Korean. |
| 650 #7 - SUBJECT ADDED ENTRY--TOPICAL TERM | |
| Topical term or geographic name as entry element | Architectural design. |
| Source of heading or term | BUEsh |
| 9 (RLIN) | 3345 |
| 650 #7 - SUBJECT ADDED ENTRY--TOPICAL TERM | |
| Topical term or geographic name as entry element | Architectural drawing. |
| Source of heading or term | BUEsh |
| 9 (RLIN) | 37763 |
| 651 ## - SUBJECT ADDED ENTRY--GEOGRAPHIC NAME | |
| Source of heading or term | BUEsh |
| 653 ## - INDEX TERM--UNCONTROLLED | |
| Resource For college | Engineering, Architecture |
| Arrived date list | April2015 |
| 655 ## - INDEX TERM--GENRE/FORM | |
| Form subdivision | Reading book |
| 942 ## - ADDED ENTRY ELEMENTS (KOHA) | |
| Source of classification or shelving scheme | Dewey Decimal Classification |
| Call number prefix | 729 ACA |
| Koha item type | Book - Borrowing |
| Withdrawn status | Lost status | Source of classification or shelving scheme | Damaged status | Not for loan | Collection code | Home library | Current library | Shelving location | Date acquired | Source of acquisition | Cost, normal purchase price | Serial Enumeration / chronology | Total Checkouts | Full call number | Barcode | Date last seen | Cost, replacement price | Price effective from | Koha item type | Public note |
|---|---|---|---|---|---|---|---|---|---|---|---|---|---|---|---|---|---|---|---|---|
| Dewey Decimal Classification | ايمك | Central Library | Central Library | Ground Floor | 29/04/2015 | 390.00 | 2447 | 729 ACA | 000038116 | 15/07/2025 | 487.50 | 29/04/2015 | Reference (NB) | VOL. 1 & 2 in one book |